Руководство к естественной истории. Ч.1 (Запись № 13474304)
[ простой вид ]
| 000 -МАРКЕР | |
|---|---|
| контрольное поле | 03366nam2a22002651 4500 |
| 001 - ИДЕНТИФИКАТОР ЗАПИСИ | |
| контрольное поле | RU\NLR\A1\10029 |
| 005 - ИДЕНТИФИКАТОР ВЕРСИИ | |
| контрольное поле | 20260406092946.0 |
| 035 ## - ДРУГИЕ СИСТЕМНЫЕ НОМЕРА | |
| Идентификатор записи | (NLR Aleph) 009673470 |
| 100 ## - ДАННЫЕ ОБЩЕЙ ОБРАБОТКИ | |
| Данные общей обработки | 19970616d1796 a y0rusy50 ca |
| 101 1# - ЯЗЫК РЕСУРСА | |
| Язык текста, звукозаписи и т.д. | русский |
| Язык оригинала | немецкий |
| 140 ## - ПОЛЕ КОДИРОВАННЫХ ДАННЫХ: СТАРОПЕЧАТНЫЕ ИЗДАНИЯ - ОБЩАЯ ИНФОРМАЦИЯ | |
| Кодированные данные о старопечатном издании - Основные | y y kc yaa0000 |
| 200 0# - ЗАГЛАВИЕ И СВЕДЕНИЯ ОБ ОТВЕТСТВЕННОСТИ | |
| Основное заглавие | Ч.1 |
| 215 ## - ФИЗИЧЕСКАЯ ХАРАКТЕРИСТИКА | |
| Специфическое обозначение материала и объем | [8] , 309, [5] c. |
| 316 ## - ПРИМЕЧАНИЯ ОБ ОСОБЕННОСТЯХ ЭКЗЕМПЛЯРА | |
| Текст примечания | Экз. РНБ (18.2.7.7 (ч.1) является частью владельч. конволюта. Припл. 1 ед. (ч.2 тит. изд.) В составном картон. пер. начала 21 в., обтянутом бумагой "павлинье перо", с кожаным вишневым корешком и кожаными вишневыми уголками. На нижней крышке пер. экслибрис Рус. фонда РНБ с шифром. Корешок с 4-мя бинтами и сохраненной крас. кожаной наклейкой со старого переплета, на которой вытиснено: «Бvуменбаха Естественной истории». Обрез крапчатый крас. На тит. л. и с.33 круглый штамп ГПБ. Экз. деф.: отсутствуют с.[3-8] 1-го ряда (Посвящ. П.В.Завадовскому и Предуведомление) и [2-5] 2-го ряда. (Погрешности в первой части) |
| Организация и экземпляр, к которому относится поле | NLR: 18.2.7.7 (ч.1) |
| 317 ## - ПРИМЕЧАНИЯ О ПРОИСХОЖДЕНИИ ЭКЗЕМПЛЯРА | |
| Текст примечания | В экз. РНБ (18.2.7.7 (ч.1)) на форзаце фрагм. экслибриса Б-ки для чтения А.Ф.Смирдина, с вписанным номером: 4434 (Богомолов 14508). |
| Организация и экземпляр, к которому относится поле | NLR: 18.2.7.7 (ч.1) |
| 461 #0 - УРОВЕНЬ НАБОРА | |
| Встроенное поле | 001RU\NLR\A1\10028 |
| -- | 2000#$aРуководство к естественной истории$fД[октора] Иог. Фридр. Блуменбаха Геттингскаго университета профессора и великобританскаго надворнаго советника,$gПереведенное с немецкаго на российский язык естественнной истории учителями Петром Наумовым и Андрееем Теряевым.$vЧ.1 |
| -- | 700#1$6z01700$aБлюменбах$bИ. Ф.$f1752-1840$gИоганн Фридрих$4070 |
| -- | 700#1 |
| Системный номер (АБИС) связанной записи | 9672418 |
| Автор | Блюменбах, И.Ф. (1752-1840) |
| Место публикации | В Санктпетербурге |
| Дата публикации | 1796 |
| Первые сведения об ответственности | Д[октора] Иог. Фридр. Блуменбаха Геттингскаго университета профессора и великобританскаго надворнаго советника, |
| Имя издателя, распространителя и т.д. | Печатано в привиллегированной типографии у Вильковского |
| Заглавие | Руководство к естественной истории |
| Номер тома | Ч.1 |
| 481 #0 - ТАКЖЕ В ЭТОМ ПЕРЕПЛЕТЕ | |
| Встроенное поле | 001RU\NLR\A1\10032 |
| Системный номер (АБИС) связанной записи | 9672433 |
| Физическая характеристика | [2], 311-739, [5] с. |
| Заглавие | Руководство к естественной истории. - О земноводных, рыбах, насекомых, червях и о прозябаемых телах вообще |
| 702 #1 - ИМЯ ЛИЦА - ВТОРИЧНАЯ ОТВЕТСТВЕННОСТЬ | |
| Код отношения | Бывший владелец |
| Материалы, к которым относится поле | rus |
| Графика поля | Кириллица |
| Начальный элемент ввода | Смирдин |
| Часть имени, кроме начального элемента ввода | А. Ф. |
| Даты | 1795-1857 |
| Расширение инициалов личного имени | Александр Филиппович |
| Идентификатор авторитетной/нормативной записи | RU\NLR\AUTH\7764528 |
| Системный номер авторитетной/нормативной записи | 47457 |
| 801 #0 - ИСТОЧНИК ЗАПИСИ | |
| Страна | российская федерация |
| Организация | NLR |
| Дата составления | 19970616 |
| 852 ## - МЕСТОНАХОЖДЕНИЕ И ШИФР ХРАНЕНИЯ | |
| Идентификатор организации | NLR |
| Шифр хранения (Call Number) | 18.2.7.7 (ч.1) |
| Публикуемое примечание | Экз. деф. |
| 942 ## - ДОПОЛНИТЕЛЬНЫЕ ЭЛЕМЕНТЫ ЗАПИСИ (АБИС) | |
| Тип экземпляра АБИС | Книга |
| 980 ## - КОЛЛЕКЦИЯ | |
| Название коллекции | Русская книга гражданской печати XVIII в. в библиотеках РФ |
| 980 ## - КОЛЛЕКЦИЯ | |
| Название коллекции | Национальная библиография |
Нет доступных экземпляров.